Catálogo
 En Linea

El silencio de Dios no es ausencia / (Registro nro. 48394)

Detalles MARC
000 -CABECERA
campo de control de longitud fija 00631nam a2200193 a 4500
001 - NÚMERO DE CONTROL
campo de control 000048906
005 - FECHA Y HORA DE LA ÚLTIMA TRANSACCIÓN
campo de control 20201002061512.0
008 - DATOS DE LONGITUD FIJA--INFORMACIÓN GENERAL
campo de control de longitud fija 190314s2016 dr 000 0 spa d
020 ## - NÚMERO INTERNACIONAL ESTÁNDAR DEL LIBRO
Número Internacional Estándar del Libro 9789945086386
040 ## - FUENTE DE LA CATALOGACIÓN
Centro catalogador/agencia de origen DO-SdBNP
Lengua de catalogación spa
Centro/agencia transcriptor BNPHU
082 ## - NÚMERO DE LA CLASIFICACIÓN DECIMAL DEWEY
Número de clasificación xxx
Número de documento/Ítem A116
100 1# - ENTRADA PRINCIPAL--NOMBRE DE PERSONA
Nombre de persona Abad, Juan
9 (RLIN) 76344
245 13 - MENCIÓN DE TÍTULO
Título El silencio de Dios no es ausencia /
Mención de responsabilidad, etc. Juan Abad ; prólogo Lenny Salcedo.
260 ## - PUBLICACIÓN, DISTRIBUCIÓN, ETC.
Lugar de publicación, distribución, etc. Santo Domingo, :
Nombre del editor, distribuidor, etc. Diez veces más group,
Fecha de publicación, distribución, etc. 2016.
300 ## - DESCRIPCIÓN FÍSICA
Extensión 149 p. ;
Dimensiones 21 cm.
500 ## - NOTA GENERAL
Nota general Incluye datos biografícos del autor en la contraportada.
590 ## - NOTA LOCAL (RLIN)
Nota local Inventariado, 2019/ YL
700 12 - PUNTO DE ACCESO ADICIONAL--NOMBRE DE PERSONA
Nombre de persona Salcedo, Lenny
Término indicativo de función/relación prol.
9 (RLIN) 76345
Existencias
Estado de retiro Estado de pérdida No para préstamo Código de colección Localización permanente Ubicación/localización actual Ubicación en estantería Fecha de adquisición Número de inventario Total de préstamos Signatura topográfica completa Código de barras Fecha visto por última vez Número de copia Precio válido a partir de Tipo de ítem Koha
    Excluido de préstamo Dominicana de Servicio General General En catalogación 01.05.2019 LF1   xxx A116 48906-30 25.06.2020 e. 3 25.06.2020 Libro y Folleto Colección Dominicana de Servicio
    Excluido de préstamo Patrimonio Dominicano Patrimonio Dominicano Patrimonio Dominicano En catalogación 01.05.2019 LF1   xxx A116 48906-10 25.06.2020   25.06.2020 Libro y Folleto Colección Patrimonio Dominicano
    Excluido de préstamo Patrimonio Dominicano Patrimonio Dominicano Patrimonio Dominicano En catalogación 01.05.2019 LF1   xxx A116 48906-20 25.06.2020 e. 2 25.06.2020 Libro y Folleto Colección Patrimonio Dominicano

Con tecnología Koha